000 00838nam a2200229 i 4500
001 75979
003 ES-MaACL
005 20250830062949.0
007 t|
008 040928s1968 sp ||||1| spa d
100 1 _aGrea, Adrien.
_959815
245 1 3 _aLa Iglesia y su divina constitución /
_cAdrien Grea ; con un prefacio de Luis Bouyer ; [versión de Alejandro Esteban Lator Ros].
260 _aBarcelona :
_bHerder,
_c1968.
300 _a533 p. ;
_c22 cm.
490 1 _aBiblioteca "Herder" Seccion de Teologia y Filosofía ;
_v110
650 0 4 _aIglesia.
_913549
700 1 _aBouyer, Louis (
_d1913-2004)
_931095
700 1 _aLator Ros, Alejandro Esteban.
_970527
830 0 0 _aBiblioteca Herder.
_pSección de teología y filosofía
_v110
_9182106
852 _aES-MaACL
_jC-24488
_bR.67880
999 _c75979
_d75979